000 00242nam a2200097Ia 4500
001 922149
005 20250826191439.0
008 250824s9999 xx 000 0 und d
245 0 _aPİRİ TÜRKİSTAN
_cYILMAZ ÖKSÜZ
260 _bKETEBE YAYINLARI
999 _c922149
_d922149